Llwytho...

Introduction to matrices

Manylion Llyfryddiaeth
Prif Awdur: S Parameswaran
Fformat: Printed Book
Iaith:Undetermined
Cyhoeddwyd: New Delhi 1976
Oxford and IBH publishing co.
Pynciau:
LEADER 00672nam a2200229Ia 4500
008 141122s9999 xx 000 0 und d
040 |c . 
041 |a English 
082 |a 512.943 4 
082 |b PAR/IN 
100 |a S Parameswaran  
245 |a Introduction to matrices 
245 |c S Parameswaran  
260 |b New Delhi 
260 |b Oxford and IBH publishing co. 
260 |c 1976 
300 |a 172 Pages 
500 |a Tr. to Stati Dept 
650 |a Linear equations 
942 |c BK 
999 |c 232  |d 232 
952 |0 0  |1 0  |4 2  |6 512_943000000000000_4_PARIN  |7 0  |9 230  |a COVAS  |b COVAS  |d 0000-00-00  |o 512.943 4 PAR/IN  |p 15066  |r 2014-11-26  |w 2014-11-26  |y BK  |z Dept. of Statistics